Los ingresos provenientes del exterior (Registro nro. 3046)

Detalles MARC
000 -LEADER
fixed length control field 00841 a2200217 4500
001 - CONTROL NUMBER
control field 39419
005 - DATE AND TIME OF LATEST TRANSACTION
control field 20260407155653.0
008 - FIXED-LENGTH DATA ELEMENTS--GENERAL INFORMATION
fixed length control field 260407a1990 arg spa d
003 - CONTROL NUMBER IDENTIFIER
control field AR-UNSa-BCEJYS
040 ## - CATALOGING SOURCE
Original cataloging agency AR-UNSa-BCEJYS
Language of cataloging spa
Transcribing agency AR-UNSa-BCEJYS
080 ## - UNIVERSAL DECIMAL CLASSIFICATION NUMBER
Universal Decimal Classification number 336.227.3
Common auxiliary subdivision Paraísos fiscales
020 ## - INTERNATIONAL STANDARD BOOK NUMBER
International Standard Book Number 950-14-0573-7
041 ## - LANGUAGE CODE
Language code of text/sound track or separate title spa
100 1# - MAIN ENTRY--PERSONAL NAME
Personal name Navarrine, Susana Camila
245 10 - TITLE STATEMENT
Title Los ingresos provenientes del exterior
264 #1 - PRODUCTION, PUBLICATION, DISTRIBUTION, MANUFACTURE, AND COPYRIGHT NOTICE
Place of production, publication, distribution, manufacture Buenos Aires :
Name of producer, publisher, distributor, manufacturer Ediciones Depalma
Date of production, publication, distribution, manufacture, or copyright notice 1990
300 ## - PHYSICAL DESCRIPTION
Extent 66 p.
Dimensions 20 cm.
505 ## - FORMATTED CONTENTS NOTE
Formatted contents note 1. Motivos de interés - 2. Lineamiento generales - 3. Síntesis de la evolución jurisprudencial frente a distintos tipos de hechos y pruebas - 4. Fallos vinculados con paraísos fiscales - 5. Incremento patrimonial injustificado - 6. Conclusión
590 ## - LOCAL NOTE (RLIN)
Local note niveau_biblio:m niveau_hierar:0
942 ## - ADDED ENTRY ELEMENTS (KOHA)
Koha item type
Existencias
Withdrawn status Lost status Damaged status Not for loan Home library Current library Shelving location Date acquired Total checkouts Full call number Barcode Date last seen Price effective from Koha item type
        Biblioteca Prof. Eusebio Cleto del Rey Biblioteca Prof. Eusebio Cleto del Rey   07/04/2026   336.227.3 N319 L125739 07/04/2026 07/04/2026 Libro